| 000 | 00534nam a2200145 a 4500 | ||
|---|---|---|---|
| 008 | 120416s1981 ||||||||||||||||| || u | ||
| 050 | _aHG 4026 Poc | ||
| 100 | _aPocock, M. A | ||
| 245 | 1 | 0 |
_aHandbook of financial planning and control _cedited by M. A. Pocock |
| 260 |
_aHants, [Eng.] _bGower _c1981 |
||
| 300 | _axxii, 423p. : ill. | ||
| 350 | _a0.00 | ||
| 700 | _aTaylor, A. H | ||
| 995 |
_D0.00 _FCBU-MAIN LIBRARY (Kitwe) _H1 _I0.00 _UAVAILABLE _ZAnnex Low-Usage Collection |
||
| 999 |
_c45269 _d45269 |
||